000 01030nam a22003017a 4500
001 BR7804067
003 BR-BrBNA
005 20230928085634.0
007 ta
008 230509b bl.||||| |||| 00| 0 por d
040 _aBR-BrBNA
_bpor
_cBiblioteca Nacional de Agricultura
041 _a(Por)
072 _aF23; F24
_b/G514
_b/GZ25
090 _ F23 BR7804067
110 1 _aSecretaria de Estado do Planejamento, Curitiba, PR (Brasil);
_98932
110 1 _aAssociacao de Defesa e Educacao Ambiental, Curitiba, PR (Brasil)
_9531
245 1 _aA serra do mar e a porcao oriental do Estado do Parana. Um problema de seguranca ambiental e nacional (Contribuicoes a geografia, geologia e ecologia regional)[Brasil]
260 3 _aCuritiba, PR (Brasil):
_c1978.
300 _a249 p.
500 _aBibliography p. 243-248
650 _aClassificacao do solo
650 _aReconhecimento do solo
650 _aEcologia
650 _aSerra do Mar
650 _aParana
909 _a202309
_bLucia
_c55
_dLucia Elande
942 _cBK
999 _c25526
_d25526